01230nam a2200313 a 4500001001100000003000800011006001900019007001500038008004100053010001700094020005600111040002100167035002000188050002400208082001600232100002200248245008300270260003400353300002500387490003300412504006600445533015200511650003100663655002900694710001700723830003400740856012500774999001700899ebr5006432CaPaEBRm u cr cn|||||||||970219s1997 nyua sb 001 0 eng  z 97006926  z0387982183 (New York : hardcover : acid-free paper) aCaPaEBRcCaPaEBR a(OCoLC)5073470814aQA279b.L594 1997eb04a519.5/32211 aLindsey, James K.10aApplying generalized linear modelsh[electronic resource] /cJames K. Lindsey. aNew York :bSpringer,cc1997. axiii, 256 p. :bill.1 aSpringer texts in statistics aIncludes bibliographical references (p. [231]-242) abd index. aElectronic reproduction.bPalo Alto, Calif. :cebrary,d2013.nAvailable via World Wide Web.nAccess may be limited to ebrary affiliated libraries. 0aLinear models (Statistics) 7aElectronic books.2local2 aebrary, Inc. 0aSpringer texts in statistics.40uhttp://site.ebrary.com/lib/rucke/Doc?id=5006432zAn electronic book accessible through the World Wide Web; click to view c21509d21509